000 00318nam a2200133Ia 4500
003 Ost
005 20260225132538.0
008 260225s9999||||xx |||||||||||||| ||und||
040 _cfsic
041 _afre
082 _a302
245 0 _aGuide du voyageur perdu dans l'ideale des relations humaines /
942 _cكتاب
999 _c33332
_d33332